Music Quiz

Random Music or Song Quiz

'Of The' Song Titles Quiz Stats

 Plays Quiz Updated Mar 8, 2016

Challenge
Share
Tweet
Score 0/30 Timer 05:00
0 Plays Today
% Correct
(Sittin' On) The Dock
93.7%
Eye
92.8%
Total Eclipse
91.8%
The House
89.9%
All Day and All
89.1%
Lifestyles
87.2%
Leader
83.8%
Heat
73.9%
Every Day
72.3%
The Name
71.4%
What Becomes
70.8%
The End
68.3%
The Ballad
67.6%
The Wreck
65.2%
Angel
63.9%
% Correct
Year
62.3%
Colors
56.8%
Time
56%
Out
55.9%
Coward
52.8%
Coming Out
51.8%
Journey to the Center
46.6%
Pilot
46.2%
Keeper
46.1%
Reach Out
44.9%
Return
41%
Morning Side
40.2%
Church
37.3%
Union
27%
Case
21.4%

You're not logged in!

Compare scores with friends on all Sporcle quizzes.
OR
Log In

You Might Also Like...

Show Comments

Extras

Top Quizzes Today


Score Distribution

Your Account Isn't Verified!

In order to create a playlist on Sporcle, you need to verify the email address you used during registration. Go to your Sporcle Settings to finish the process.

Report this User

Report this user for behavior that violates our Community Guidelines.

Details: